Globalization and cross - border labor organizing: the Guatemala maquiladora industry and the Phillips Van Heusen Workers' Movement /
Պահպանված է:
| Հիմնական հեղինակ: | |
|---|---|
| Ձևաչափ: | Տեքստ |
| Խորագրեր: | |
| Ցուցիչներ: |
Ավելացրեք ցուցիչ
Չկան պիտակներ, Եղեք առաջինը, ով նշում է այս գրառումը!
|
MARC
| LEADER | 00000 a a2200000 04500 | ||
|---|---|---|---|
| 001 | 9165 | ||
| 003 | |||
| 040 | |||
| 100 | |a Armbruster - Sandoval, Ralph | ||
| 245 | |a Globalization and cross - border labor organizing: |b the Guatemala maquiladora industry and the Phillips Van Heusen Workers' Movement / |c Ralph Armbruster - Sandoval | ||
| 650 | |a GLOBALIZACION | ||
| 650 | |a TRABAJADORES | ||
| 650 | |a ORGANIZACION DE LOS TRABAJADORES | ||
| 650 | |a ASPECTOS SOCIALES | ||
| 650 | |a GUATEMALA | ||
| 773 | |g volumen 26, número 2; páginas 108-128 | ||
| 999 | |c 23573 |d 23573 | ||
